Einfluss der Kommunikation auf die Gedäschtnisleistug im Persönlichkeitskontext

Bibliographic Details
Main Authors: Halmiová, Oľga, 1932- (Author), Potašová, Alena, 1944- (Author), Korzh, Nina N. (Author)
Format: Article
Language:Slovak
German
PhysicalDescription:Res. slov., rus., angl., lit. 17 zázn. v slov., češ., ruš.
Subjects:

MARC

LEADER 00000nab a2200000 a 4500
001 vtls000187219
003 SK-MaSNL
005 20260304051815.0
008 250422c1984 xo 0 slo
015 |a SNBRB19rr/mm-uuuuu 
035 |a CL0197332 
035 |a urn:nbn:sk:snk-ab2tlw 
035 |a (urnnbn)urn:nbn:sk:snk:ar-a02xbg 
035 |a (uuid)64a342db-290a-41fd-9b6d-a337f79b5d63 
040 |a SNKBUCL  |b slo  |c SNKBUCL  |e AACR2 
041 0 |a ger 
044 |a xo  |c SK 
080 |a 159.953  |2 1981 
100 1 |a Halmiová, Oľga,  |d 1932-  |4 aut  |9 177708 
245 1 0 |a Einfluss der Kommunikation auf die Gedäschtnisleistug im Persönlichkeitskontext  |c Oľga Halmiová, Alena Potašová, Nina N. Korzh 
300 |b Res. slov., rus., angl., lit. 17 zázn. v slov., češ., ruš. 
650 0 7 |a komunikácia  |2 snkbucl  |9 1362 
655 7 |a články z novín a časopisov  |2 snkbucl  |9 267496 
700 1 |a Potašová, Alena,  |d 1944-  |4 aut  |9 39325 
700 1 |a Korzh, Nina N.  |4 aut  |9 1334350 
773 0 |t Studia psychologica  |g Roč. 26, č. 2 (1984), s. 83-89 
850 |a Slovenská národná knižnica 
852 |a Slovenská národná knižnica 
958 |a article27 
958 |a NB 
958 |a RK 
958 |a OND 
958 |a EUIPO 
992 |a RBX 
999 |c 2705142  |d 2707072